Statistics for Arsenal Iconic Shirt Numbers #1

Click here to take the quiz!

General Stats

  • This quiz has been taken 168 times
    (145 since last reset)
  • The average score is 14 of 35

Answer Stats

NumberAnswer% Correct
1David Seaman
91%
1Jens Lehmann
78%
7Robert Pires
74%
10Dennis Bergkamp
73%
10Mesut Ozil
67%
9Alexandre Lacazette
66%
4Patrick Vieira
66%
1Petr Cech
66%
7Alexis Sanchez
59%
1Manuel Almunia
58%
10Robin van Persie
58%
4Cesc Fabregas
56%
1Wojciech Szczesny
50%
10Jack Wilshere
48%
4Per Mertesacker
43%
9Nicolas Anelka
41%
7Kevin Campbell
38%
7Tomas Rosicky
38%
10William Gallas
37%
9Jose Antonio Reyes
34%
9Alan Smith
30%
9Lukas Podolski
30%
9Eduardo
28%
9Lucas Perez
26%
9Francis Jeffers
22%
10Paul Merson
22%
9Paul Merson
22%
7Henrikh Mkhitaryan
21%
9Davor Suker
20%
9Julio Baptista
20%
9Park Chu-young
19%
4Mohamed Elneny
18%
7David Platt
15%
7Nelson Vivas
6%
4Paul Davis
3%

Score Distribution

Percentile by Number Answered

Percent of People with Each Score

Your Score History

You have not taken this quiz since the last reset